000 00706cam a2200157 4500500
005 20260329012751.0
041 _afre
042 _adc
100 1 0 _aLachièze-Rey, Marc
_eauthor
245 0 0 _aVers une nouvelle cosmologie
260 _c2005.
500 _a14
520 _aRésuméNotre cosmologie succède à plusieurs millénaires de visions du monde. Antiquité et Moyen-Age, physique newtonienne, physique contemporaine : ces trois époques nous conduisent peut-être à la veille d’une nouvelle révolution scientifique.
786 0 _nÉtudes | 402 | 2 | 2005-02-01 | p. 197-208 | 0014-1941
856 4 1 _uhttps://shs.cairn.info/revue-etudes-2005-2-page-197?lang=fr&redirect-ssocas=7080
999 _c1874161
_d1874161